00522nam a22001697a 450000500170000001000150001702000260003203500140005803700130007208200130008510000210009824500750011925000180019426000340021227000820024630000240032820220412132100.0 aENG-132280 c699.00a9788194954750 aEN-115812 bDBAD/PUB a355.0092 aBrigadier Jasbir aThe Fighting Fourth:bA Personal Narrative of the History of 4 Kumaon/ aFirst Edition aNoidabBluOne India LLPc2021 a306 Tower-1, Assotech Business Cresterra, Plot No-22, Sector-135,NoidabNoida a204p.c23.5cm.(hbk)